LOS SALMOS

Kaydedildi:
Detaylı Bibliyografya
Yazar: Deissler, Alfons (autor)
Materyal Türü: Kitap
Etiketler: Etiketle
Etiket eklenmemiş, İlk siz ekleyin!

MARC

LEADER 00000nam^a2200000^a^4500
001 000202758
005 20250521000000.0
009 20260310102952.774
035 |a 002592 
037 |a Acervo Xavier Clavigero 
082 |a 222. 4  |b DEI 
100 |a Deissler, Alfons  |e (autor) 
245 1 4 |a LOS SALMOS 
264 |a FLORIDA :  |b Ediciones Paulinas,  |c 1966: 
336 |a texto  |b txt  |2 rdacontenido 
337 |a sin mediación  |b n  |2 rdamedio 
338 |a volumen  |b nc  |2 rdasoporte 
649 |a XX 
910 |a Fondo General 
920 |a Impresos - Libros 
930 |a Colección General 
905 |a 101 
901 |a 002592  |b IT1  |c ACC  |i 002592  |u 20250521 
902 |a https://opac.biblio.iteso.mx/vufind/Record/000202758